000 00559nam a2200229Ia 4500
003 OSt
005 20221005122013.0
006 a|||||r|||| 00| 0
007 ta
008 221004b |||||||| |||| 00| 0 eng d
024 _a58129
037 _cTextual
040 _aCRL
_cCRL
_beng
041 _2eng
_aeng
082 _aV2:235wN3, J3
100 _aTrilochan Singh
245 0 _aIndian Parliament, 1952-57
260 _c1953
650 _aHISTORY
942 _hV2:235wN3, J3
_cTEXL
_2cc
999 _c1042965
_d1042965